| 000 | 01402nam a2200301 c 4500 | ||
|---|---|---|---|
| 999 |
_c434230 _d434230 |
||
| 003 | BLK | ||
| 005 | 20231110011009.0 | ||
| 008 | 180408b bul|||||r ||||||| ||bul|| | ||
| 020 | _a9789548685313 | ||
| 040 | _aBLK | ||
| 041 |
_aBUL _cBUL |
||
| 080 |
_aБългарска литература _b821.163.2 _x-32 _z821.163.2-32 |
||
| 100 |
_aГеоргиев, Лъчезар Георгиев _d1956- _gФилолог, автор на проза _9368754 |
||
| 139 |
_aГеоргиев, Лъчезар Георгиев _bГ 37 |
||
| 245 | 1 | 0 |
_aЛисабонският странник _bизбрани къси разкази _cЛъчезар Георгиев Георгиев; ил. Христо Цацинов, Вельо Митев |
| 257 | _aBGR | ||
| 260 |
_bStar Way _c2021 _aВ. Търново |
||
| 300 |
_a232 с. _bс ил. _c20 см |
||
| 380 | _aX | ||
| 500 | _aЗагл. и на англ. ез.: The Lisbon stranger Пълната форма на името на ил. Вельо Митев е Вельо Митев Симеонов; За авт.: с. 2; Рез. на англ. ез. | ||
| 700 |
_9253344 _aЦацинов, Христо Маринов _eхудож. |
||
| 700 |
_9366734 _aМитев, Вельо _eхудож. |
||
| 852 | _aЦб 309475 | ||
| 856 | 4 | _qpdf | |
| 856 | 4 | _qpdf | |
| 942 |
_cKNG _n0 _s1 _01 |
||
| 944 |
_aCR _c2021-10-20 _k _lCRON CRON |
||